[Event "XL C.to Italiano a squadre Master"]
[Site "Arvier ITA"]
[Date "2008.05.01"]
[Round "2"]
[White "Di Caro, Calogero"]
[Black "Tocchioni, Doriano"]
[Result "1/2-1/2"]
[WhiteElo "2399"]
[BlackElo "2279"]
[PlyCount "38"]
[EventDate "2008.05.01"]

1. Nf3 d5 2. d4 Nf6 3. c4 e6 4. Nc3 c6 5. e3 Nbd7 6. Bd2 Bd6 7. Bd3 dxc4 8.
Bxc4 b5 9. Bd3 Bb7 10. Ne4 Nxe4 11. Bxe4 O-O 12. O-O f5 13. Bd3 c5 14. Bxb5
Bxf3 15. Qxf3 Bxh2+ 16. Kh1 Bd6 17. Kg1 Bh2+ 18. Kh1 Bd6 19. Kg1 Bh2+ 1/2-1/2

[Event "XL C.to Italiano a squadre Master"]
[Site "Arvier ITA"]
[Date "2008.05.01"]
[Round "2"]
[White "Godena, Michele"]
[Black "Bellini, Fabio"]
[Result "1/2-1/2"]
[WhiteElo "2528"]
[BlackElo "2518"]
[PlyCount "39"]
[EventDate "2008.05.01"]

1. e4 d6 2. d4 Nf6 3. Nc3 e5 4. Nf3 Nbd7 5. Bc4 Be7 6. O-O O-O 7. Re1 c6 8. a4
b6 9. b3 a6 10. Bd3 Bb7 11. Bb2 Qc7 12. Ne2 Rfe8 13. Ng3 Bf8 14. Qd2 Rad8 15.
h3 g6 16. Rad1 Bg7 17. Qc1 Nf8 18. Qa1 N6d7 19. Nf1 Ne6 20. N1d2 1/2-1/2

[Event "XL C.to Italiano a squadre Master"]
[Site "Arvier ITA"]
[Date "2008.05.01"]
[Round "2"]
[White "Lagumina, Giulio"]
[Black "Ronchetti, Niccolo'"]
[Result "0-1"]
[WhiteElo "2327"]
[BlackElo "2431"]
[PlyCount "106"]
[EventDate "2008.05.01"]

1. d4 Nf6 2. c4 Nc6 3. Nf3 e6 4. a3 d6 5. Nc3 g6 6. e4 Bg7 7. Be2 O-O 8. O-O
Re8 9. Be3 e5 10. dxe5 dxe5 11. Qxd8 Nxd8 12. Nb5 Ne6 13. Ng5 Re7 14. Rfd1 c6
15. Nxe6 Bxe6 16. Nc3 Ree8 17. f3 Bf8 18. Na4 b6 19. Rd2 Red8 20. Rad1 Rxd2 21.
Rxd2 Nd7 22. Kf2 Be7 23. g3 Kf8 24. g4 Rb8 25. Kg3 Nc5 26. Nxc5 Bxc5 27. Bxc5+
bxc5 28. g5 Ke7 29. h4 a5 30. Bf1 h6 31. gxh6 Rh8 32. Bh3 Bxh3 33. Kxh3 Rxh6
34. Kg4 Rh8 35. b3 Ke6 36. a4 f6 37. Rd3 Ke7 38. Rd2 Ke6 39. Rd1 Ke7 40. Rd2
Rb8 41. Rd3 Ke6 42. Rd1 Rxb3 43. Rd8 f5+ 44. Kg5 fxe4 45. fxe4 Rg3+ 46. Kh6 Rg4
47. Re8+ Kf6 48. Rf8+ Ke7 49. Kg7 Rf4 50. Ra8 Rxh4 51. Rxa5 Rxe4 52. Rxc5 Kd6
53. Ra5 g5 0-1

[Event "XL C.to Italiano a squadre Master"]
[Site "Arvier ITA"]
[Date "2008.05.01"]
[Round "2"]
[White "Marelli, Mauro"]
[Black "Hautala, Roman"]
[Result "0-1"]
[WhiteElo "2256"]
[BlackElo "2239"]
[PlyCount "134"]
[EventDate "2008.05.01"]

1. c4 Nf6 2. Nc3 g6 3. g3 Bg7 4. Bg2 O-O 5. Nf3 d6 6. O-O Nc6 7. d3 Nh5 8. Bd2
f5 9. Qc1 e5 10. Ne1 Ne7 11. b4 c6 12. Rb1 a6 13. a4 Be6 14. Bg5 Nf6 15. e4 Qd7
16. Ne2 Rac8 17. c5 d5 18. exf5 Nxf5 19. Nc2 Rf7 20. Bxf6 Bxf6 21. Qd2 Bg7 22.
d4 e4 23. f4 Nh6 24. Ne3 Bh3 25. Bxh3 Qxh3 26. b5 axb5 27. axb5 Ng4 28. Nxg4
Qxg4 29. bxc6 bxc6 30. Kg2 Ra7 31. h3 Qe6 32. Rb3 h5 33. Rfb1 Kh7 34. Rb7 Rca8
35. R7b3 Ra2 36. R1b2 Ra1 37. Qe3 Re1 38. Ra3 Qc8 39. Rxa8 Qxa8 40. f5 Qe8 41.
Qg5 e3 42. Qxg6+ Qxg6 43. fxg6+ Kxg6 44. Kf3 Bh6 45. Nf4+ Kf5 46. Re2 Rf1+ 47.
Kxe3 Bxf4+ 48. gxf4 Rh1 49. Kf3 Rxh3+ 50. Kg2 Ra3 51. Re5+ Kxf4 52. Rxh5 Ra2+
53. Kf1 Ke3 54. Rh6 Ra1+ 55. Kg2 Kxd4 56. Rxc6 Rc1 57. Kf2 Rxc5 58. Rh6 Kd3 59.
Rh5 Rc2+ 60. Ke1 Rc1+ 61. Kf2 d4 62. Rh8 Kd2 63. Ra8 d3 64. Ra2+ Kc3 65. Ra8 d2
66. Rc8+ Kb4 67. Rb8+ Kc5 0-1

[Event "XL C.to Italiano a squadre Master"]
[Site "Arvier ITA"]
[Date "2008.05.01"]
[Round "2"]
[White "Mauro, Alan"]
[Black "Mazzilli, Piero"]
[Result "1-0"]
[WhiteElo "2187"]
[BlackElo "2332"]
[PlyCount "67"]
[EventDate "2008.05.01"]

1. e4 c5 2. Nf3 d6 3. d4 cxd4 4. Nxd4 Nf6 5. Bd3 g6 6. O-O Bg7 7. Nc3 O-O 8.
Kh1 a6 9. f4 b5 10. Nf3 Bb7 11. a3 Nbd7 12. Qe1 Nc5 13. f5 d5 14. e5 Nfe4 15.
Qh4 f6 16. Bh6 gxf5 17. Bxg7 Kxg7 18. Nd4 e6 19. Bxe4 dxe4 20. Rad1 Qe7 21.
Rxf5 Nd7 22. Rh5 Kh8 23. Nxe6 Rg8 24. Rxh7+ Qxh7 25. Qxh7+ Kxh7 26. Rxd7+ Kg6
27. Rxb7 Rge8 28. Nf4+ Kf5 29. g3 Rxe5 30. Rd7 a5 31. Nce2 e3 32. Kg2 Rg8 33.
Kf3 Kg5 34. Rh7 1-0

[Event "XL C.to Italiano a squadre Master"]
[Site "Arvier ITA"]
[Date "2008.05.01"]
[Round "2"]
[White "Napoli, Nicolo'"]
[Black "Bartolini, Tommaso"]
[Result "1-0"]
[WhiteElo "2318"]
[BlackElo "2185"]
[PlyCount "109"]
[EventDate "2008.05.01"]

1. g3 g6 2. Bg2 Bg7 3. d4 d5 4. c4 Nf6 5. cxd5 Nxd5 6. Nf3 O-O 7. O-O Nc6 8. e4
Nb6 9. d5 Na5 10. Nc3 c6 11. Nd4 e5 12. Nb3 Nxb3 13. Qxb3 cxd5 14. exd5 Kh8 15.
Be3 Nd7 16. Rac1 f5 17. Nb5 f4 18. Bxa7 Qa5 19. Bh3 Rxa7 20. Nxa7 Qxa7 21. Rxc8
Rxc8 22. Bxd7 Rf8 23. Be6 e4 24. d6 Qd4 25. d7 fxg3 26. hxg3 b6 27. Qd5 Qxd5
28. Bxd5 Bxb2 29. Re1 Bf6 30. Rxe4 Kg7 31. Kg2 Bd8 32. f4 g5 33. Kf3 gxf4 34.
gxf4 Bc7 35. Re7+ Kh6 36. Bf7 Bd8 37. Re6+ Kg7 38. Be8 Rf6 39. Re2 Rc6 40. Bh5
Rc3+ 41. Kg4 Rd3 42. Be8 Rd4 43. Kf5 Rd6 44. Rc2 Kf8 45. Ke5 Rd1 46. Rh2 Kg7
47. Ke6 Bc7 48. Rg2+ Kf8 49. Rh2 Kg7 50. Rc2 Bxf4 51. Bh5 Rd4 52. Bf3 Bg5 53.
Rg2 Kh6 54. Rxg5 Kxg5 55. Bd5 1-0

[Event "XL C.to Italiano a squadre Master"]
[Site "Arvier ITA"]
[Date "2008.05.01"]
[Round "2"]
[White "Nguyen, Chi-Minh"]
[Black "Martorelli, Antonio"]
[Result "1-0"]
[WhiteElo "2415"]
[BlackElo "2230"]
[PlyCount "47"]
[EventDate "2008.05.01"]

1. d4 Nf6 2. c4 g6 3. Nc3 Bg7 4. e4 d6 5. f4 Na6 6. Nf3 O-O 7. e5 Nd7 8. Be2 c5
9. exd6 cxd4 10. Nxd4 exd6 11. Ndb5 Ndc5 12. O-O Bf5 13. Be3 Re8 14. Bd4 Ne4
15. Bxg7 Kxg7 16. Nd5 Nf6 17. Bf3 Nxd5 18. Qxd5 Qb6+ 19. Kh1 Rad8 20. Rad1 Nc5
21. Nxd6 Be6 22. Nxe8+ Rxe8 23. Qd4+ f6 24. Rfe1 1-0

[Event "XL C.to Italiano a squadre Master"]
[Site "Arvier ITA"]
[Date "2008.05.01"]
[Round "2"]
[White "Patelli, Alessandro"]
[Black "Gabetto, Flaviano"]
[Result "1-0"]
[WhiteElo "2219"]
[BlackElo "2124"]
[PlyCount "49"]
[EventDate "2008.05.01"]

1. d4 d5 2. c4 e5 3. dxe5 d4 4. Nf3 Nc6 5. g3 Bg4 6. Bg2 Qe7 7. O-O O-O-O 8.
Qb3 f6 9. exf6 Nxf6 10. e3 Bxf3 11. Bxf3 Ne4 12. Qd3 Ng5 13. Qf5+ Kb8 14. Bxc6
bxc6 15. exd4 Ne6 16. d5 Nd4 17. Qd3 Qf6 18. Nc3 Nf3+ 19. Kg2 Ne5 20. Qe4 Bd6
21. dxc6 Rhe8 22. f4 Ng4 23. Qf3 h5 24. Nd5 Re3 25. Nxe3 1-0

[Event "XL C.to Italiano a squadre Master"]
[Site "Arvier ITA"]
[Date "2008.05.01"]
[Round "2"]
[White "Sarno, Spartaco"]
[Black "Sibilio, Mario"]
[Result "1-0"]
[WhiteElo "2329"]
[BlackElo "2362"]
[PlyCount "97"]
[EventDate "2008.05.01"]

1. d4 Nf6 2. c4 e6 3. Nf3 a6 4. Nc3 Bb4 5. Qb3 c5 6. dxc5 Nc6 7. e3 O-O 8. Be2
Bxc5 9. O-O Qc7 10. a3 b6 11. Qa2 Bb7 12. b4 Bd6 13. Bb2 Ne7 14. h3 Ng6 15.
Rac1 Be7 16. Rfd1 Ne4 17. Nxe4 Bxe4 18. Qa1 f6 19. h4 a5 20. h5 Nh8 21. c5 bxc5
22. bxc5 Nf7 23. a4 Qb7 24. Ba3 Rfd8 25. Qc3 Bf8 26. Rd2 Kh8 27. Qb2 Rab8 28.
Qxb7 Bxb7 29. Bb5 Bd5 30. Nd4 Ne5 31. f3 g6 32. hxg6 hxg6 33. Rc3 Bh6 34. Rd1
Nc6 35. Ne2 f5 36. Kf2 Na7 37. Rh1 Kh7 38. e4 fxe4 39. Bc1 exf3 40. gxf3 Nxb5
41. axb5 Rxb5 42. Bxh6 Rh8 43. Be3+ Kg8 44. Rxh8+ Kxh8 45. Nf4 Bc6 46. Nxg6+
Kg7 47. Ne5 Kf6 48. Nxc6 dxc6 49. Rd3 1-0

[Event "XL C.to Italiano a squadre Master"]
[Site "Arvier ITA"]
[Date "2008.05.01"]
[Round "2"]
[White "Scalcione, Michelangelo"]
[Black "Palac, Mladen"]
[Result "0-1"]
[WhiteElo "2455"]
[BlackElo "2559"]
[PlyCount "128"]
[EventDate "2008.05.01"]

1. Nf3 d5 2. d4 Nf6 3. c4 e6 4. Nc3 Bb4 5. Bg5 Nbd7 6. cxd5 exd5 7. e3 c5 8.
Bb5 Qa5 9. Bxd7+ Nxd7 10. O-O c4 11. Qc2 O-O 12. a3 Bxc3 13. bxc3 Nb6 14. Bf4
Re8 15. Bc7 Qa4 16. Qb1 Qc6 17. Bg3 Na4 18. Qc2 b5 19. Rfe1 Qg6 20. Qxg6 hxg6
21. Rec1 Bf5 22. Ra2 a5 23. Kf1 Re6 24. Ke1 Rb6 25. Bc7 Rb7 26. Bf4 f6 27. Ng1
Ra6 28. Ne2 g5 29. Bg3 Bd3 30. Raa1 Rba7 31. Ng1 Kf7 32. Kd2 Ke6 33. f3 Kd7 34.
Nh3 b4 35. axb4 axb4 36. cxb4 Nb6 37. Ra5 Rxa5 38. bxa5 Rxa5 39. Nf2 Ra2+ 40.
Kc3 Bg6 41. e4 f5 42. exf5 Bxf5 43. Nd1 Kc6 44. Nb2 Nc8 45. Be5 Na7 46. Nxc4
dxc4 47. Kxc4 Rxg2 48. d5+ Kd7 49. Kb4 Bc2 50. Ra1 Nc8 51. Ra2 g4 52. fxg4
Rxg4+ 53. Kc3 Bf5 54. Ra8 g6 55. Bg3 Nb6 56. Ra7+ Kc8 57. d6 Nd7 58. Kd2 Re4
59. Rc7+ Kd8 60. Kc3 Ke8 61. Rc8+ Kf7 62. Rd8 Nf6 63. Rb8 Ke6 64. Rf8 Rg4 0-1

[Event "XL C.to Italiano a squadre Master"]
[Site "Arvier ITA"]
[Date "2008.05.02"]
[Round "3"]
[White "Napoli, Nicolo'"]
[Black "Cereda, Mauro K."]
[Result "1-0"]
[WhiteElo "2318"]
[BlackElo "1718"]
[PlyCount "91"]
[EventDate "2008.05.01"]

1. g3 d6 2. Bg2 f5 3. d4 g6 4. Nc3 Bg7 5. e4 Nc6 6. Nge2 e5 7. dxe5 dxe5 8.
Qxd8+ Nxd8 9. Nd5 Ne6 10. exf5 gxf5 11. Bh3 c6 12. Ne3 f4 13. gxf4 exf4 14. Nc4
f3 15. Nd6+ Ke7 16. Nxc8+ Rxc8 17. Nf4 Nxf4 18. Bxc8 Ng2+ 19. Kf1 Nf6 20. Bh3
Rd8 21. Bg5 h6 22. Bxf6+ Bxf6 23. Bxg2 fxg2+ 24. Kxg2 Rd2 25. Rhe1+ Kf7 26. Kf3
Rxc2 27. Re2 Rc5 28. Rd1 Rb5 29. Rd7+ Kg6 30. b3 Kf5 31. Re4 Be5 32. h3 a5 33.
Rg4 Bf6 34. Rh7 Bg5 35. h4 Bd2 36. Rd4 Bc1 37. Rd1 Kg6 38. Rdd7 b6 39. Rhg7+
Kh5 40. Rd6 Rf5+ 41. Kg2 Rc5 42. Rgg6 Rc2 43. Rxc6 Rxa2 44. Rge6 Bf4 45. Kf3
Bd2 46. Re5+ 1-0

[Event "XL C.to Italiano a squadre Master"]
[Site "Arvier ITA"]
[Date "2008.05.02"]
[Round "4"]
[White "Amato, Andrea"]
[Black "Radice, Luca"]
[Result "1-0"]
[WhiteElo "2252"]
[BlackElo "2098"]
[PlyCount "89"]
[EventDate "2008.05.01"]

1. c4 d6 2. Nc3 f5 3. g3 e5 4. Bg2 Nf6 5. d3 g6 6. e3 Bg7 7. Nge2 O-O 8. O-O c6
9. b4 Qc7 10. a4 Be6 11. b5 Nbd7 12. Ba3 Rfe8 13. Rb1 Bf8 14. Qb3 Rab8 15. Rfc1
Bf7 16. Ra1 Bh6 17. a5 Ng4 18. Rd1 Bf8 19. Qa4 c5 20. Nd5 Qd8 21. h3 Ngf6 22.
Ndc3 h5 23. d4 cxd4 24. exd4 e4 25. Na2 h4 26. Rac1 hxg3 27. fxg3 Nh5 28. Kh2
Ndf6 29. a6 b6 30. Nb4 Qc7 31. Nc6 Ra8 32. d5 g5 33. Rf1 Bg6 34. Rce1 Qh7 35.
Bc1 e3 36. Qa3 f4 37. gxf4 Nxf4 38. Nxf4 gxf4 39. Rxf4 Nh5 40. Rg4 Bh6 41. Qxd6
Bf4+ 42. Rxf4 Nxf4 43. Qxf4 Rf8 44. Qxe3 Rae8 45. Ne7+ 1-0

[Event "XL C.to Italiano a squadre Master"]
[Site "Arvier ITA"]
[Date "2008.05.02"]
[Round "4"]
[White "Arlandi, Ennio"]
[Black "Sarno, Spartaco"]
[Result "1/2-1/2"]
[WhiteElo "2436"]
[BlackElo "2329"]
[PlyCount "98"]
[EventDate "2008.05.01"]

1. d4 Nf6 2. c4 g6 3. Nc3 Bg7 4. e4 O-O 5. Nf3 c6 6. Bd3 d6 7. h3 Na6 8. Bg5 e5
9. d5 cxd5 10. cxd5 Nc5 11. Bc2 a5 12. O-O Bd7 13. a4 Qb6 14. Rb1 Rfc8 15. Nd2
Ne8 16. b3 Qa6 17. Nc4 Nc7 18. Be3 b5 19. Bxc5 bxc4 20. Be3 Rab8 21. Qd2 cxb3
22. Rxb3 Rxb3 23. Bxb3 Rb8 24. Rb1 Bf6 25. Bc2 Rb4 26. Rxb4 axb4 27. Na2 Bxa4
28. Nxb4 Qa5 29. Bd3 Bd7 30. Nc6 Qxd2 31. Bxd2 Kf8 32. Ba5 Ne6 33. Bb4 Nc5 34.
Bxc5 dxc5 35. Na5 Bd8 36. Nc4 f6 37. Kf1 Bb5 38. Nb2 Bd7 39. Ba6 Ba5 40. Ke2
Bc3 41. Nc4 Ke7 42. Kd3 Bd4 43. f3 h5 44. Na5 f5 45. Kc4 fxe4 46. fxe4 g5 47.
Nb7 g4 48. hxg4 Bxg4 49. Kd3 Bc8 1/2-1/2

[Event "XL C.to Italiano a squadre Master"]
[Site "Arvier ITA"]
[Date "2008.05.02"]
[Round "4"]
[White "Bellini, Fabio"]
[Black "Collutiis, Duilio"]
[Result "1-0"]
[WhiteElo "2518"]
[BlackElo "2415"]
[PlyCount "71"]
[EventDate "2008.05.01"]

1. e4 c5 2. Nf3 Nc6 3. Bb5 Nf6 4. Bxc6 dxc6 5. d3 Qc7 6. O-O e5 7. Nbd2 Be7 8.
Nc4 Nd7 9. Bd2 O-O 10. a4 b6 11. Bc3 f6 12. Nh4 Rd8 13. Nf5 Nf8 14. Qg4 Ng6 15.
Rae1 Bf8 16. h4 Re8 17. h5 Nf4 18. g3 Ne6 19. f4 Nd4 20. fxe5 fxe5 21. Rf2 Be6
22. Bxd4 cxd4 23. Ref1 Kh8 24. Nd2 Bb4 25. Nf3 Rf8 26. N3h4 Rfe8 27. Ng6+ Kg8
28. Nfe7+ Qxe7 29. Nxe7+ Rxe7 30. Qh4 h6 31. g4 Ree8 32. Qg3 Be7 33. Qxe5 Bg5
34. Rg2 c5 35. Kh1 Bxg4 36. Qxe8+ 1-0

[Event "XL C.to Italiano a squadre Master"]
[Site "Arvier ITA"]
[Date "2008.05.02"]
[Round "4"]
[White "Borgo, Giulio"]
[Black "Mogranzini, Roberto"]
[Result "0-1"]
[WhiteElo "2453"]
[BlackElo "2418"]
[PlyCount "104"]
[EventDate "2008.05.01"]

1. Nf3 Nf6 2. d4 g6 3. Nc3 d5 4. Bf4 Bg7 5. e3 c5 6. Be2 Nc6 7. Ne5 cxd4 8.
exd4 Qb6 9. Nxc6 bxc6 10. Na4 Qa5+ 11. c3 Ne4 12. Bd3 O-O 13. O-O Nd6 14. Re1
Qd8 15. h4 f6 16. Qc2 Re8 17. Bg3 Bf5 18. f3 e5 19. Bxf5 gxf5 20. Nc5 Rc8 21.
Re2 f4 22. Bf2 Rc7 23. Rae1 Rce7 24. h5 Qc8 25. Nd3 Qf5 26. Nb4 Qd7 27. Qa4 Nb5
28. Qa6 Re6 29. a4 Nxd4 30. cxd4 c5 31. Qa5 cxb4 32. Qxb4 e4 33. Rc1 f5 34. Qa5
e3 35. Be1 Bxd4 36. Rd1 Bb6 37. Qxd5 Qf7 38. a5 Bc7 39. Rc1 Be5 40. Rec2 Qxh5
41. Rc8 Qf7 42. b4 Rxc8 43. Rxc8+ Kg7 44. b5 Re7 45. Qc5 e2 46. b6 axb6 47.
axb6 Qf6 48. Rd8 Kh6 49. Rd5 Kg6 50. b7 Bb8 51. Qb5 Ba7+ 52. Kh2 52... Kg5 $138
0-1

[Event "XL C.to Italiano a squadre Master"]
[Site "Arvier ITA"]
[Date "2008.05.02"]
[Round "4"]
[White "Cereda, Mauro K."]
[Black "Gueci, Riccardo"]
[Result "0-1"]
[WhiteElo "1718"]
[BlackElo "2125"]
[PlyCount "124"]
[EventDate "2008.05.01"]

1. d4 d6 2. c4 Nf6 3. Nc3 Nbd7 4. e4 e5 5. d5 Be7 6. Bd3 c6 7. Nge2 cxd5 8.
exd5 O-O 9. Ng3 Nc5 10. Bc2 Ne8 11. b4 Na6 12. a3 f5 13. O-O g6 14. Bb2 Bf6 15.
Nce2 f4 16. Ne4 Bg7 17. f3 Bf5 18. N2c3 Rc8 19. Bb3 Kh8 20. Qe1 Nb8 21. Kh1 Nd7
22. Qf2 b6 23. Rac1 Ndf6 24. Qh4 h6 25. Nxf6 Nxf6 26. Rfe1 Kh7 27. Nb5 Qd7 28.
Nxd6 g5 29. Qf2 Qxd6 30. Bxe5 Qd7 31. c5 bxc5 32. bxc5 Qb7 33. Qa2 Rfe8 34. c6
Qb5 35. a4 Qb4 36. Bc2 Bxc2 37. Qxc2+ Kg8 38. d6 Rxe5 39. Rxe5 Qxd6 40. Qc5
Qxc5 41. Rexc5 Rc7 42. Rb5 Bf8 43. Kg1 Kf7 44. Kf1 Bd6 45. Ke2 Re7+ 46. Kd3 Bc7
47. Rb7 a5 48. Rc4 Ne8 49. Rd4 Ke6 50. Ra7 Nd6 51. g3 Bb6 52. Rxe7+ Kxe7 53.
gxf4 Bxd4 54. fxg5 Bg7 55. gxh6 Bxh6 56. Kd4 Ke6 57. h3 Bg5 58. c7 Kd7 59. Ke5
Ne8 60. Kf5 Bf6 61. f4 Kxc7 62. Ke6 Bh4 0-1

[Event "XL C.to Italiano a squadre Master"]
[Site "Arvier ITA"]
[Date "2008.05.02"]
[Round "4"]
[White "D'Amore, Carlo"]
[Black "Stangl, Markus"]
[Result "0-1"]
[WhiteElo "2481"]
[BlackElo "2453"]
[PlyCount "90"]
[EventDate "2008.05.01"]

1. g3 d5 2. Bg2 Nf6 3. d3 e5 4. Nd2 Be7 5. c3 O-O 6. Qc2 b6 7. Ngf3 Nbd7 8. O-O
Bb7 9. e4 Re8 10. Re1 Bf8 11. Nb3 a5 12. a4 Bc6 13. Bg5 h6 14. Bxf6 Qxf6 15.
Nfd2 dxe4 16. Bxe4 Rad8 17. Bxc6 Qxc6 18. d4 g6 19. Qe4 Qxe4 20. Nxe4 f5 21.
Ned2 exd4 22. Nxd4 Nc5 23. Rxe8 Rxe8 24. Kf1 Kf7 25. Nb5 Nd3 26. Nc4 Re7 27. f3
Bg7 28. Na7 Re6 29. Rd1 Nc5 30. Ra1 Ke8 31. Nb5 Kd8 32. b4 axb4 33. Rd1+ Kc8
34. cxb4 Nxa4 35. Nd4 Bxd4 36. Rxd4 Nc3 37. h4 Ne2 38. Rd5 Nxg3+ 39. Kf2 f4 40.
b5 Nf5 41. h5 Ne3 42. Re5 Kd7 43. Rxe6 Kxe6 44. Nb2 gxh5 45. Nd3 Kf5 0-1

[Event "XL C.to Italiano a squadre Master"]
[Site "Arvier ITA"]
[Date "2008.05.02"]
[Round "4"]
[White "Marelli, Mauro"]
[Black "Ramondino, Renzo"]
[Result "1/2-1/2"]
[WhiteElo "2256"]
[BlackElo "2275"]
[PlyCount "43"]
[EventDate "2008.05.01"]

1. d4 Nf6 2. Nf3 g6 3. g3 Bg7 4. Bg2 O-O 5. O-O d6 6. Nc3 Nbd7 7. e4 e5 8. dxe5
dxe5 9. Qe2 c6 10. Rd1 Qc7 11. b3 Re8 12. a4 a5 13. Ba3 Bf8 14. Bxf8 Nxf8 15.
h3 N6d7 16. Rd2 Kg7 17. Rad1 f6 18. Qe3 b6 19. Bf1 Nc5 20. Nh2 Be6 21. Be2 Rad8
22. Bg4 1/2-1/2

[Event "XL C.to Italiano a squadre Master"]
[Site "Arvier ITA"]
[Date "2008.05.02"]
[Round "4"]
[White "Ortega, Lexy"]
[Black "Garcia Palermo, Carlos Horacio"]
[Result "1/2-1/2"]
[WhiteElo "2459"]
[BlackElo "2465"]
[PlyCount "82"]
[EventDate "2008.05.01"]

1. e4 c6 2. c4 d5 3. cxd5 cxd5 4. exd5 Nf6 5. Nc3 Nxd5 6. Nf3 Nxc3 7. bxc3 g6
8. Qa4+ Nc6 9. Ne5 Bd7 10. Nxd7 Qxd7 11. Be2 Bg7 12. O-O O-O 13. Rb1 Rfd8 14.
Qb5 b6 15. d4 Rac8 16. Bf4 e5 17. Bg5 f6 18. Be3 exd4 19. cxd4 Nxd4 20. Bc4+
Kh8 21. Bxd4 Qxb5 22. Bxb5 Rxd4 23. Rfd1 Rxd1+ 24. Rxd1 Bf8 25. Ba4 Rc4 26. Bb3
Rc7 27. g3 f5 28. Kg2 Be7 29. Ba4 a5 30. Rd7 Rc4 31. Bb5 Re4 32. Rd2 Bc5 33. a4
h5 34. Re2 Rd4 35. f4 Kg7 36. h4 Kf6 37. Bc6 Rd3 38. Bb5 Rd6 39. Kf3 Rd8 40.
Kg2 Rd1 41. Bc6 Rd6 1/2-1/2

[Event "XL C.to Italiano a squadre Master"]
[Site "Arvier ITA"]
[Date "2008.05.02"]
[Round "4"]
[White "Patelli, Alessandro"]
[Black "Bartolini, Tommaso"]
[Result "1/2-1/2"]
[WhiteElo "2219"]
[BlackElo "2185"]
[PlyCount "34"]
[EventDate "2008.05.01"]

1. d4 Nf6 2. c4 g6 3. Nc3 d5 4. Nf3 Bg7 5. Qb3 dxc4 6. Qxc4 O-O 7. e4 a6 8. e5
b5 9. Qb3 Ne8 10. Be3 c6 11. Be2 Nc7 12. Ng5 h6 13. Nge4 Be6 14. Qc2 Nd7 15. h4
Nd5 16. Bd2 Nb4 17. Qb1 c5 1/2-1/2

[Event "XL C.to Italiano a squadre Master"]
[Site "Arvier ITA"]
[Date "2008.05.02"]
[Round "4"]
[White "Piscopo, Pierluigi"]
[Black "Brunello, Sabino"]
[Result "1/2-1/2"]
[WhiteElo "2379"]
[BlackElo "2475"]
[PlyCount "41"]
[EventDate "2008.05.01"]

1. e4 e5 2. Nf3 Nc6 3. d4 exd4 4. Nxd4 Bc5 5. Nb3 Bb6 6. Nc3 Nf6 7. a4 a6 8. g3
d6 9. h3 Be6 10. Bg2 Qd7 11. Nd5 Bxd5 12. exd5 Ne5 13. O-O O-O-O 14. a5 Ba7 15.
Nd4 Rde8 16. c3 h5 17. Bg5 Ng6 18. Qd3 Ne5 19. Qd1 Ng6 20. Qd3 Ne5 21. Qd1
1/2-1/2

[Event "XL C.to Italiano a squadre Master"]
[Site "Arvier ITA"]
[Date "2008.05.02"]
[Round "4"]
[White "Polgar, Judit"]
[Black "Godena, Michele"]
[Result "1/2-1/2"]
[WhiteElo "2709"]
[BlackElo "2528"]
[PlyCount "120"]
[EventDate "2008.05.01"]

1. e4 e5 2. Nf3 Nc6 3. Bb5 a6 4. Ba4 Nf6 5. O-O b5 6. Bb3 Bc5 7. d3 d6 8. c3
Bb7 9. Kh1 h6 10. Nh4 g5 11. Nf5 Ne7 12. Nxe7 Qxe7 13. Be3 O-O 14. Nd2 Kg7 15.
a4 Nd7 16. Qe2 Bb6 17. Bc2 d5 18. exd5 Bxd5 19. d4 f5 20. f3 Rae8 21. Rfe1 Qf6
22. Qd3 exd4 23. Bxd4 Rxe1+ 24. Rxe1 Bxd4 25. cxd4 c6 26. b3 Be6 27. Nf1 Nb6
28. Ng3 Kg8 29. Qc3 Bd7 30. Re5 Nd5 31. Qe1 Qg6 32. b4 h5 33. Qb1 bxa4 34. Bxf5
Bxf5 35. Nxf5 Kh8 36. g4 hxg4 37. fxg4 Re8 38. Qc1 Nf4 39. Qe3 Re6 40. h4 Qe8
41. hxg5 Rxe5 42. dxe5 Ne6 43. Qh3+ Kg8 44. g6 Qd7 45. Qf3 Ng5 46. Qe3 Qd1+ 47.
Kh2 Qc2+ 48. Kg1 Qd1+ 49. Kf2 Qc2+ 50. Ke1 Qb1+ 51. Ke2 Qb2+ 52. Kd1 Qb1+ 53.
Qc1 Qd3+ 54. Qd2 Qxd2+ 55. Kxd2 Nf3+ 56. Kc3 Nxe5 57. g7 Nxg4 58. Kb2 Ne5 59.
Ka3 Nd3 60. Kxa4 c5 1/2-1/2

[Event "XL C.to Italiano a squadre Master"]
[Site "Arvier ITA"]
[Date "2008.05.02"]
[Round "4"]
[White "Tocchioni, Doriano"]
[Black "Martorelli, Antonio"]
[Result "1/2-1/2"]
[WhiteElo "2279"]
[BlackElo "2230"]
[PlyCount "31"]
[EventDate "2008.05.01"]

1. d4 Nf6 2. Nf3 g6 3. Bg5 Bg7 4. Nbd2 d5 5. c3 O-O 6. Bxf6 Bxf6 7. e4 c5 8.
dxc5 Nc6 9. exd5 Qxd5 10. Nb3 Qe4+ 11. Qe2 Qf5 12. h3 Rd8 13. g4 Qf4 14. Qe3
Qa4 15. Bg2 Be6 16. Nfd2 1/2-1/2

[Event "XL C.to Italiano a squadre Master"]
[Site "Arvier ITA"]
[Date "2008.05.03"]
[Round "5"]
[White "Bartolini, Tommaso"]
[Black "Cereda, Mauro K."]
[Result "1-0"]
[WhiteElo "2185"]
[BlackElo "1718"]
[PlyCount "43"]
[EventDate "2008.05.01"]

1. d4 d6 2. Nf3 f5 3. Nc3 g6 4. e4 Bg7 5. Bc4 Nh6 6. O-O c6 7. d5 b5 8. Bb3 b4
9. Ne2 c5 10. Ba4+ Bd7 11. Ng5 O-O 12. Bxd7 Qxd7 13. Ne6 Na6 14. Qd3 Nc7 15.
Nxf8 Rxf8 16. a3 bxa3 17. Rxa3 a6 18. Qh3 Ng4 19. exf5 Qxf5 20. Rf3 Qxc2 21.
Rxf8+ Bxf8 22. Qxg4 1-0

[Event "XL C.to Italiano a squadre Master"]
[Site "Arvier ITA"]
[Date "2008.05.03"]
[Round "5"]
[White "Brunello, Sabino"]
[Black "D'Amore, Carlo"]
[Result "1/2-1/2"]
[WhiteElo "2475"]
[BlackElo "2481"]
[PlyCount "86"]
[EventDate "2008.05.01"]

1. d4 d5 2. c4 c6 3. e3 Nf6 4. Nc3 e6 5. Nf3 a6 6. Bd3 dxc4 7. Bxc4 b5 8. Bd3
c5 9. a4 b4 10. Ne4 Nbd7 11. O-O Bb7 12. Nxf6+ Nxf6 13. dxc5 Qd5 14. Qe2 Ne4
15. Rd1 Qxc5 16. Bxe4 Bxe4 17. Rd4 Bb7 18. Bd2 a5 19. Rc1 Ba6 20. Qd1 Qb6 21.
Ne5 Bc5 22. Nd7 Bxd4 23. Nxb6 Bxb6 24. Rc6 Bd8 25. e4 O-O 26. e5 Bb7 27. Rc1
Bb6 28. Qe2 Bd5 29. Be3 Bxe3 30. Qxe3 Rfc8 31. h4 h6 32. Rc5 Rxc5 33. Qxc5 g6
34. f3 Kg7 35. Kh2 Ra6 36. Kg3 b3 37. h5 gxh5 38. Kh4 Rc6 39. Qe7 Rc2 40. Qf6+
Kg8 41. Qd8+ Kg7 42. Qf6+ Kg8 43. Qd8+ Kg7 1/2-1/2

[Event "XL C.to Italiano a squadre Master"]
[Site "Arvier ITA"]
[Date "2008.05.03"]
[Round "5"]
[White "Cecconi, Giovanni Alberto"]
[Black "Di Fonzo, Valerio"]
[Result "0-1"]
[WhiteElo "2206"]
[BlackElo "2212"]
[PlyCount "108"]
[EventDate "2008.05.01"]

1. g3 e5 2. Bg2 Nc6 3. d3 d5 4. Nd2 Nf6 5. e4 dxe4 6. dxe4 Bc5 7. Ngf3 O-O 8.
O-O Be6 9. c3 Qd3 10. Ne1 Qd7 11. Qe2 a5 12. Qb5 Ba7 13. Nef3 Rfe8 14. Ng5 Bg4
15. h3 Nd4 16. Qxd7 Ne2+ 17. Kh2 Bxd7 18. Ngf3 Bb5 19. c4 Bc6 20. Nh4 a4 21.
Re1 Nxc1 22. Raxc1 Bxf2 23. Re2 Bc5 24. Rf1 Nd7 25. Nf5 Nf8 26. Nf3 f6 27. h4
Ne6 28. h5 h6 29. Nd2 Red8 30. Nb1 Be8 31. Bf3 Rd3 32. Bg4 Bf7 33. Nc3 c6 34.
Kg2 Ng5 35. Rd1 Rxd1 36. Nxd1 Rd8 37. Nc3 Bxc4 38. Rc2 Bd3 39. Rc1 a3 40. bxa3
Bxa3 41. Rd1 Bxe4+ 42. Nxe4 Rxd1 43. Nxf6+ Kf7 44. Bxd1 Kxf6 45. Ne3 b5 46. Bb3
Bc5 47. Nc2 e4 48. a4 Bb6 49. Nb4 e3 50. Kf1 Ne4 51. axb5 Nd2+ 52. Ke2 Nxb3 53.
bxc6 Nd4+ 54. Ke1 Ke5 0-1

[Event "XL C.to Italiano a squadre Master"]
[Site "Arvier ITA"]
[Date "2008.05.03"]
[Round "5"]
[White "Collutiis, Duilio"]
[Black "Caposciutti, Maurizio"]
[Result "1-0"]
[WhiteElo "2415"]
[BlackElo "2313"]
[PlyCount "49"]
[EventDate "2008.05.01"]

1. e4 c5 2. Nf3 Nc6 3. Bb5 d6 4. d4 cxd4 5. Qxd4 Bd7 6. Bxc6 Bxc6 7. Nc3 Nf6 8.
Bg5 e6 9. O-O-O Be7 10. Qd3 Qa5 11. h4 O-O 12. Nd4 Rac8 13. f4 a6 14. Kb1 Kh8
15. g4 b5 16. e5 dxe5 17. Nxc6 Rxc6 18. fxe5 Ng8 19. Bxe7 Nxe7 20. Ne4 Nd5 21.
Ng5 g6 22. h5 Nb4 23. Qb3 Kg8 24. hxg6 fxg6 25. Rxh7 1-0